LEADER 01038nam a2200241 i 4500 001 000000115001 003 CaOOAMICUS 005 20030507000000.0 008 030507s1984 it u000 u ita u 013 $a87689 040 $aSeMil$bita 245 10$aProgetto educativo insegnamento della Religione ed educazione socio-politica nella Scuola Cattolica. 260 $aMilano :$bC.E.P.E,$cstampa 1984. 300 $a74 p. ;$c21 cm. 500 $aFondo Card. C.M. Martini. 650 4$aInsegnamento della religione cattolica .$0(OLS)http://semarc/subject/5447 650 4$aScuola cattolica - Educazione.$0(OLS)http://semarc/subject/17731 850 $aSeMil 852 $aSeMil$W1$xVenegono$y1$m5D V 13/14$j70539$B70539$CSeMilBibl$Z2$F113116 $81 941 1 $a4 961 $aOmaggio: Martini Card. Carlo Maria 996 $6245$aProgetto educativo insegnamento della Religione ed educazione socio-politica nella Scuola Cattolica$9(OLS)http://semarc/title/168272 996 $6260$aMilano :$bC.E.P.E$9(OLS)http://semarc/publisher/45414 LEADER 01087nam a2200241 i 4500 001 000000125315 003 CaOOAMICUS 005 20040414000000.0 008 040414s1955 it u000 u ita u 013 $a98015 040 $aSeMil$bita 100 1 $aPound, Ezra <1885-1972>.$0(OLS)http://semarc/name/8191 245 10$aConfucio :$bstudio integrale e ĞL'asse che non vacillağ /$cversione e commento di Ezra Pound ; con una nota sui classici in pietra di Achilles Fang. 260 $aMilano :$bAll'insegna del pesce d'oro,$ccopyr. 1955. 300 $a195 p. ;$c18 cm. 500 $aContiene : Appendice. 600 04$aConfucio <551-479 a.C.>.$0(OLS)http://semarc/subject/24355 700 1 $aFang, Achilles.$0(OLS)http://semarc/name/52073 850 $aSeMil 852 $aSeMil$W1$xVenegono$y1$m433 5 *$j79779$B79779$CSeMilBibl$Z2$F81969 $81 961 $aLascito: Zurleni Domenico 996 $6245$aConfucio :$bstudio integrale e ĞL'asse che non vacillağ$9(OLS)http://semarc/title/184525 996 $6260$aMilano :$bAll'insegna del pesce d'oro$9(OLS)http://semarc/publisher/29752